Normal view
MARC view
- الادباء العرب - تراجم
Entry Topical Term
001 - CONTROL NUMBER
- control field: 46229
003 - CONTROL NUMBER IDENTIFIER
- control field: JO-AjAnu
005 - DATE AND TIME OF LATEST TRANSACTION
- control field: 20230606081636.0
008 - FIXED-LENGTH DATA ELEMENTS
- fixed length control field: 230606|| aca||aabn | a|a d
040 ## - CATALOGING SOURCE
- Original cataloging agency: JO-AjAnu
- Transcribing agency: JO-AjAnu
150 ## - HEADING--TOPICAL TERM
- Topical term or geographic name entry element: الادباء العرب - تراجم
670 ## - SOURCE DATA FOUND
- Source citation: Work cat.: (JO-AjAnu)23663: عرار، مصطفى وهبي التل... وآخرون؛ مراجعة وتقديم فخري صالح, author 46228, منارات ثقافية